00309nam a2200133Ia 450000500170000000800410001702000150005808200130007310000130008624500150009926000390011430000120015365000100016520250428005550.0240331s9999 xx 000 0 und d a9558110000 bGAMa891 aGamage,N 0aPini padma aColombobSarasavi theiyaniyoc1998 a40 p ., aPoems